000 00648nam a2200193Ia 4500
003 GCL
008 140319s9999 xx 000 0 ara d
040 _aGCL /
_cGCL
082 0 4 _a243
_bات
100 1 _aابى الفرج زين الدين عبدالرحمن
245 1 0 _aالتخويف من النار والتعريف بحال دار البوار /
_cابى الفرج زين الدين عبدالرحمن
260 _a[S.N] :
_bدار الكتب العلمية للنشر والتوزيع ،
_c1988
300 _a230 ص
490 _a
650 0 4 _aالحديث
650 0 4 _aنار جهنم
650 0 4 _aجهنم
942 _2ddc
_cBK
999 _c52742
_d52742